000 00139 a2200073 4500
020 _a0812577507
082 _a09400060762
245 _aBadger boy
999 _c792254
_d792253
942 _w13411
_xBongani Makatu
_y13411
_zBongani Makatu